| 000 | nam a22 a 4500 | ||
|---|---|---|---|
| 999 |
_c434886 _d434886 |
||
| 003 | BLK | ||
| 005 | 20230426115530.0 | ||
| 008 | 180412b bul|||||r ||||||| ||bul|| | ||
| 020 | _a954-532-003-6 | ||
| 040 | _aBLK | ||
| 041 |
_aBUL _cBUL |
||
| 080 |
_aАмериканска литература (на САЩ) _b821.111(73) _x-94 _z821.111(73)-94 |
||
| 100 | 1 |
_aМаклейн, Шърли _eпърви автор _9243060 |
|
| 139 |
_aМаклейн, Шърли _bМ 19 |
||
| 245 | 1 | 0 |
_aТанцувай до последен дъх _bСпомени _cШърли Маклейн; прев. от англ. Мария Кръстева |
| 257 | _aUSA | ||
| 260 |
_aСофия _bВодолей _c1993 _9209664 _n978-954-9415- ; 954-532- |
||
| 300 |
_a288 с., 8 л. : ил. _c22 см |
||
| 380 | _aX | ||
| 500 | _aБез сведение за ориг. загл Пълното име на прев. е Мария Кръстева Георгиева Офс. изд. | ||
| 700 | 1 |
_aКръстева, Мария _eпрев. от англ. _9241896 |
|
| 852 |
_aЦб 173876 _bЦб |
||
| 856 | 4 |
_qpdf _u _i0.00 _ldisable |
|
| 856 | 4 |
_qpdf _u _i0.00 _ldisable |
|
| 942 |
_cKNG _n0 _s1 |
||
| 944 |
_aCR _c2021-10-28 _kнр |
||
| 999 | _d434886 | ||